| 000 | 00537nam a22001817u 4500 | ||
|---|---|---|---|
| 008 | 130405s1975 xxu||||| |||| 00| 0 spa d | ||
| 017 | _aM-23787-1975 | ||
| 020 | _a8430412271 | ||
| 041 | _aspa | ||
| 100 | 1 |
_aToloczko, Mieczyslaw _933180 |
|
| 245 | 0 | 0 |
_aDe Varsovia a Benidorm _b:Novela _cMieczyslaw Toloczko, Antonio Castillejo García |
| 260 |
_aMadrid: _bStudium, _c1975 |
||
| 300 |
_a475 p. _c;21 cm. |
||
| 650 | 0 | 4 |
_aLiteratura _xNovela,cuento _914424 |
| 700 | 1 |
_aCastillejo García, Antonio _933181 |
|
| 942 | _cBK | ||
| 001 | 54076 | ||
| 999 |
_c261729 _d261729 |
||